|
|
|
|
| LEADER |
00000nam0a2200000 4500 |
| 001 |
310645 |
| 005 |
20231102002316.0 |
| 020 |
|
|
|a RU
|b 82-8594
|
| 035 |
|
|
|a (RuTPU)RU\TPU\book\335995
|
| 090 |
|
|
|a 310645
|
| 100 |
|
|
|a 20151127d1981 km y0rusy5003 ca
|
| 101 |
0 |
|
|a rus
|
| 102 |
|
|
|a RU
|
| 105 |
|
|
|a a z 001zy
|
| 200 |
1 |
|
|a Повышение срока службы стальных канатов
|f А. А. Филипьев
|
| 210 |
|
|
|a Москва
|c Стройиздат
|d 1981
|
| 215 |
|
|
|a 127 с.
|c ил.
|
| 320 |
|
|
|a Библиогр.: с. 122-126
|
| 606 |
1 |
|
|a Канаты стальные
|x Прочность
|2 stltpush
|3 (RuTPU)RU\TPU\subj\13742
|9 40312
|
| 610 |
1 |
|
|a эксплуатационные показатели
|
| 610 |
1 |
|
|a проволока
|
| 610 |
1 |
|
|a коррозия
|
| 610 |
1 |
|
|a усталостная прочность
|
| 610 |
1 |
|
|a выносливость
|
| 610 |
1 |
|
|a отрицательные температуры
|
| 610 |
1 |
|
|a влияние
|
| 675 |
|
|
|a 691.714
|z rus
|v 3
|
| 700 |
|
1 |
|a Филипьев
|b А. А.
|g Александр Александрович
|4 070
|
| 801 |
|
0 |
|a RU
|b RuMRKP
|c 19950704
|g psbo
|
| 801 |
|
1 |
|a RU
|b 63413507
|c 20151127
|
| 801 |
|
2 |
|a RU
|b 63413507
|c 20180926
|g RCR
|
| 942 |
|
|
|c BK
|